000
00327 a2200121 4500
001
ART_44144
005
20260410161629.0
008
260409a
245
1
0
_a
Análisis de las disponibilidades
100
1
_a
Tapia, Gustavo N.
700
1
_a
Aire, Carlos
773
0
_t
Enfoques
_g
- Nº 10 (oct. 2017)
_w
REV416
999
_c
12315
_d
12315